<?xml version="1.0" encoding="UTF-8"?><marc:collection xmlns:marc="http://www.loc.gov/MARC21/slim">
  <marc:record>
    <marc:leader>00000nam##2200000za#4500</marc:leader>
    <marc:controlfield tag="001">9.638015</marc:controlfield>
    <marc:controlfield tag="003">CaOODSP</marc:controlfield>
    <marc:controlfield tag="005">20220107134005</marc:controlfield>
    <marc:controlfield tag="007">cr |||||||||||</marc:controlfield>
    <marc:controlfield tag="008">150407|2000||||xxc|||||o    f|0| 0 fre|d</marc:controlfield>
    <marc:datafield tag="040" ind1=" " ind2=" ">
      <marc:subfield code="a">CaOODSP</marc:subfield>
      <marc:subfield code="b">fre</marc:subfield>
    </marc:datafield>
    <marc:datafield tag="043" ind1=" " ind2=" ">
      <marc:subfield code="a">n-cn---</marc:subfield>
    </marc:datafield>
    <marc:datafield tag="086" ind1="1" ind2=" ">
      <marc:subfield code="a">H49-152/2000F-PDF</marc:subfield>
    </marc:datafield>
    <marc:datafield tag="110" ind1="2" ind2=" ">
      <marc:subfield code="a">Centre national d'information sur la violence dans la famille (Canada)</marc:subfield>
    </marc:datafield>
    <marc:datafield tag="245" ind1="1" ind2="0">
      <marc:subfield code="a">Maltraitance des enfants au Canada : </marc:subfield>
      <marc:subfield code="h">[ressource électronique]</marc:subfield>
      <marc:subfield code="b">Étude canadienne sur l'incidence des signalements de cas de violence et de négligence envers les enfants - résultats choisis / </marc:subfield>
      <marc:subfield code="c">auteurs: Nico Trocmé et David Wolfe. </marc:subfield>
    </marc:datafield>
    <marc:datafield tag="260" ind1=" " ind2=" ">
      <marc:subfield code="a">Ottawa - Ontario : </marc:subfield>
      <marc:subfield code="b">Santé Canada. </marc:subfield>
      <marc:subfield code="c">c2001.</marc:subfield>
    </marc:datafield>
    <marc:datafield tag="300" ind1=" " ind2=" ">
      <marc:subfield code="a">59p.</marc:subfield>
      <marc:subfield code="b">figures en couleur, graphiques, références</marc:subfield>
    </marc:datafield>
    <marc:datafield tag="500" ind1=" " ind2=" ">
      <marc:subfield code="a">«Le présent rapport met l'accent sur les principales conclusions descriptives de l'Étude canadienne sur l'incidence des signalements de cas de violence et de négligence envers les enfants (ECI). L'ECI est la première étude nationale portant sur l'incidence des signalements de mauvais traitements infligés aux enfants et des familles ayant fait l'objet d'une enquête de la part des services canadiens de protection de l'enfance. Les estimations présentées dans ce rapport s'appuient sur un sondage, auquel ont participé des travailleurs de la protection de l'enfance, effectué sur un échantillon représentatif de 7672 cas enquêtes de maltraitance.»--Page 7.</marc:subfield>
    </marc:datafield>
    <marc:datafield tag="500" ind1=" " ind2=" ">
      <marc:subfield code="a">«L’Étude canadienne sur l’incidence des signalements de cas de violence et de négligence envers les enfants (ECI) est la première étude nationale portant sur l’incidence des mauvais traitements infligés aux enfants, signalés aux services canadiens de protection de l’enfance et enquêtés par ces derniers.»--Page 7 sur 59, Introduction. Le n° de catalogue (H49-152/2000F) et l’ISBN (0-662-85404-7) de l'édition imprimée ont été incorrectement copiés dans la version PDF.</marc:subfield>
    </marc:datafield>
    <marc:datafield tag="520" ind1="3" ind2=" ">
      <marc:subfield code="a">Le présent rapport met l'accent sur les principales conclusions descriptives de l'Étude canadienne sur l'incidence des signalements de cas de violence et de négligence envers les enfants (ECI). L'ECI est la première étude nationale portant sur l'incidence des signalements de mauvais traitements infligés aux enfants et des familles ayant fait l'objet d'une enquête de la part des services canadiens de protection de l'enfance. Les estimations présentées dans ce rapport s'appuient sur un sondage, auquel ont participé des travailleurs de la protection de l'enfance, effectué sur un échantillon représentatif de 7672 cas enquêtes de maltraitance.--Page 7</marc:subfield>
    </marc:datafield>
    <marc:datafield tag="590" ind1=" " ind2=" ">
      <marc:subfield code="a">10-09-Supp</marc:subfield>
      <marc:subfield code="b">2010-11-02</marc:subfield>
    </marc:datafield>
    <marc:datafield tag="691" ind1="0" ind2="7">
      <marc:subfield code="a">Violence faite aux enfants</marc:subfield>
      <marc:subfield code="2">gcpds</marc:subfield>
    </marc:datafield>
    <marc:datafield tag="691" ind1="0" ind2="7">
      <marc:subfield code="a">Soin de l'enfant</marc:subfield>
      <marc:subfield code="2">gcpds</marc:subfield>
    </marc:datafield>
    <marc:datafield tag="691" ind1="0" ind2="7">
      <marc:subfield code="a">Sécurité de l'enfant</marc:subfield>
      <marc:subfield code="2">gcpds</marc:subfield>
    </marc:datafield>
    <marc:datafield tag="775" ind1="0" ind2="8">
      <marc:subfield code="t">Child maltreatment in Canada : </marc:subfield>
      <marc:subfield code="w">(CaOODSP)9.693825</marc:subfield>
    </marc:datafield>
    <marc:datafield tag="776" ind1="0" ind2="#">
      <marc:subfield code="t">Maltraitance des enfants au Canada : </marc:subfield>
      <marc:subfield code="w">(CaOODSP)9.681368</marc:subfield>
    </marc:datafield>
    <marc:datafield tag="856" ind1="4" ind2="0">
      <marc:subfield code="a">http://publications.gc.ca</marc:subfield>
      <marc:subfield code="q">PDF</marc:subfield>
      <marc:subfield code="s">980 Ko</marc:subfield>
      <marc:subfield code="u">https://publications.gc.ca/collections/collection_2010/sc-hc/H49-152-2000-fra.pdf</marc:subfield>
    </marc:datafield>
  </marc:record>
</marc:collection>
